01029 2200313 4500001002100000005001500021035002000036008004100056100001000097245008900107300003700196020002200233082001300255084002200268090001200290250001500302264003600317336002100353337003000374338002300404490002200427520010800449650004200557700003700599700002900636990001800665990001600683990001600699INLIS00000000001756720240827125913 a0010-0619017567240827 a 1 ind  aPerla1 aAku Sayang Kumi /cPerla; penyunting, Ana Puspita Dewiyana; ilustrator, Ade Prihatna a28 halaman :bilustrasi ;c18 cm a978-979-26-9367-6 a899.2213 aSR 899.2213 PER a 99.221.3 aCetakan 12 aBandung :bPelangi Mizan,c2022 2rdacontentaTeks 2rdamediaaTanpa perantara 2rdacarrieraVolume aHalo balita value abuku ini berguna untuk mengembangkan kepekaan anak untuk merawat dan menyayangi binatang atau tumbuhan. 4aFiksi Indonesia -- Bacaan kanak-kanak0 aAna Puspita Dewiyanaepenyunting0 aAde Prihatnaeilustrator a022226.036393 a53266.66086 a53267.66087